01309nas a2200241Ia 4500001001100000003001000011008004100021040002500062041001300087100002700100210003100127222003100158245003300189250001100222260004000233300001100273310001000284362001300294500031100307501011400618520031100732650002401043R235-R2334IT-CnALBA170116c99999999xx |||||||||||| ||und|| aIT-CnALBAcIT-CnALBA aITALIANO aMEO P. SALVATORE, OSM. aMARIA IMMACOLATA E VERGINE aMARIA IMMACOLATA E VERGINE 0aMARIA IMMACOLATA E VERGINE.  a3a ed. aROMAbEDIZIONI MARIANUM ROMA'c1966 a99 p.  aVARIA a (1966) aDIVISIONE BIBLIOGRAFIA FONTI E STUDI. VERGINITÀ PERPETUA DI MARIA NEL CONCILIO LATERANENSE DEL 649, ANALISI SINTESI VALORE DEL DOCUMENTO. XI CONCLIO TOLETANO DEL 693. IMMACOLATA CONCEZIONE DI MARIA NEL CONCILIO DI BASILEA, NOTIZIE STORICHE, ANALISI VALORE DEL DECRETO. V SESSIONE DEL CONCILIO DI TRENTO.  aSocietà San Paolo EM - Piazza San Paolo, 14 - 12051 ALBA (CN) (non commercial uses only) ® Copyright 2017 aDIVISIONE BIBLIOGRAFIA FONTI E STUDI. VERGINITÀ PERPETUA DI MARIA NEL CONCILIO LATERANENSE DEL 649, ANALISI SINTESI VALORE DEL DOCUMENTO. XI CONCLIO TOLETANO DEL 693. IMMACOLATA CONCEZIONE DI MARIA NEL CONCILIO DI BASILEA, NOTIZIE STORICHE, ANALISI VALORE DEL DECRETO. V SESSIONE DEL CONCILIO DI TRENTO.  aANGELI SANTI DEMONI